Central Library OPAC University of Rajshahi

Dickens, Reade and Collins, sensation novelists / (Record no. 21783)

MARC details
000 -LEADER
fixed length control field 00882nam a22002533 4500
001 - CONTROL NUMBER
control field 21783
003 - CONTROL NUMBER IDENTIFIER
rucl marc code BD-RjUL
005 - DATE AND TIME OF LATEST TRANSACTION
control field 20211209000728.0
008 - FIXED-LENGTH DATA ELEMENTS--GENERAL INFORMATION
fixed length control field 931015s1919 nyu 000 0
035 7# - SYSTEM CONTROL NUMBER
System control number (BD-RjUL)21848
040 ## - CATALOGING SOURCE
Original cataloging agency BD-RjUL
Language of cataloging eng
Transcribing agency BD-RjUL
Modifying agency BD-RjUL
041 ## - LANGUAGE CODE
Language code of text/sound track or separate title eng
082 ## - DEWEY DECIMAL CLASSIFICATION NUMBER
Classification number 823.09
Author mark and year PHD 1962
100 1# - MAIN ENTRY--PERSONAL NAME
Personal name Phillips, Walter C.
Fuller form of name Walter Clarke Phillips.
9 (RLIN) 67262
245 10 - TITLE STATEMENT
Title Dickens, Reade and Collins, sensation novelists /
Statement of responsibility, etc. Walter Clarke Phillips.
260 ## - PUBLICATION, DISTRIBUTION, ETC. (IMPRINT)
Place of publication, distribution, etc. New York
Date of publication, distribution, etc. 1919 [Printed 1962]
300 ## - PHYSICAL DESCRIPTION
Size 21 cm.
Pagination 230 p. :
Illustrations ill. ;
490 1# - SERIES STATEMENT
Series statement Columbia univ. studies in Engl. and comparative lit.
600 17 - SUBJECT ADDED ENTRY--PERSONAL NAME
Personal name Dickens, Charles,
Dates associated with a name 1812-1870
690 00 - LOCAL SUBJECT ADDED ENTRY--TOPICAL TERM (OCLC, RLIN)
Topical term or geographic name as entry element English literature
752 ## - ADDED ENTRY--HIERARCHICAL PLACE NAME
Country or larger entity USA
First-order political jurisdiction New York
City New York
830 #0 - SERIES ADDED ENTRY--UNIFORM TITLE
Uniform title Columbia univ. studies in Engl. and comparative lit.
942 ## - ADDED ENTRY ELEMENTS (KOHA)
Source of classification or shelving scheme Dewey Decimal Classification
Koha item type Books
Holdings
Lost status Source of classification or shelving scheme Damaged status Not for loan Collection code Permanent Location Current Location Shelving location Date acquired Source of acquisition Cost, normal purchase price Total Checkouts Full call number Date last seen Copy number Koha item type
  Dewey Decimal Classification   Added to bundle Non-fiction Central Library, University of Rajshahi Central Library, University of Rajshahi Reading Room 09/03/1970 Zeit 71.00   823.09 PHD 1962 05/03/2014 C-1 Books
  Dewey Decimal Classification     Non-fiction Central Library, University of Rajshahi Central Library, University of Rajshahi General Stacks 05/03/1973 Blakwill 3.66   823.09 PHD 1962 07/12/2024 C-2 Books